| 000 | 01435nam a22002777a 4500 | ||
|---|---|---|---|
| 001 | EPSA 0322 | ||
| 003 | gtcocun | ||
| 005 | 20250829164246.0 | ||
| 006 | a||||gr|||| 00| 0 | ||
| 007 | ta | ||
| 008 | 250829b2025 gt ||||| m||| 00| 0 eng d | ||
| 040 |
_agtcocun _bSPA _cgtcocun _eRDA |
||
| 041 | _aSPA EPSA 0322 | ||
| 084 | _0 EPSA 0322 | ||
| 100 |
_aValiente Chen, Mynor Alexander _eAutor |
||
| 245 |
_aINFORME FINAL DEL EJERCICIO PROFESIONAL SUPERVISADO, REALIZADO EN PANADERÍA Y PASTELERÍA EL MANA, FRAY BARTOLOMÉ DE LAS CASAS, ALTA VERAPAZ/ _cMynor Alexander Valiente Chen. _hImpreso |
||
| 264 |
_aCobán, Alta Verapaz: _bUniversidad de San Carlos de Guatemala, Centro Universitario del Norte, Licenciatura en Administración de Empresas _c2025 |
||
| 300 |
_a84 p.: _bIlustraciones, gráficas. _c28 cm; |
||
| 502 | _eEPSA 0322 | ||
| 502 |
_aEjercicio Profesional Supervisado _bLicenciatura en Administración de Empresas, _cUniversidad de San Carlos de Guatemala, Centro Universitario del Norte, Licenciatura en Administración de Empresas _d2025 _oEPSA 0322 |
||
| 650 |
_2LEMB _aFray Bartolomé de las Casas, Alta Verapaz _xAdministración _xOrganización _xInducción _xProceso _xInvestigación _xDistribución |
||
| 700 |
_aLicda. Elisa Mariela Alvarado Delgado _eAsesor |
||
| 856 |
_uSin archivo en línea _zSin archivo en línea |
||
| 942 |
_2ddc _cTES _iEPSA 0322 _kClasificación _n0 _6EPSA_0322_000000000000000 |
||
| 999 |
_c1519 _d1519 |
||